| 000 | 00905nac a22002537a 4500 | ||
|---|---|---|---|
| 001 | BR2000015 | ||
| 003 | BR-BrBNA | ||
| 005 | 20241127145433.0 | ||
| 008 | 230509b bl.|||m| |||| 00| 0 por d | ||
| 040 |
_aBR-BrBNA _bpor _cBiblioteca Nacional de Agricultura |
||
| 072 | _aF00; E15; E70 | ||
| 090 |
_a0430 BR2000015 OBR _b2024-7549 |
||
| 110 | 1 |
_aMinisterio da Agricultura, Industria e Commercio, Rio de Janeiro, GB (Brasil). Servico do Algodao _96892 |
|
| 245 | 1 | _aRelatorio 1919 [Ministerio da Agricultura, Industria e Commercio. Servico do Algodao, Brasil] | |
| 260 | 3 |
_aRio de Janeiro, GB (Brasil): _c1920. |
|
| 300 | _a194 p. | ||
| 490 | _aRelatorio - Ministerio da Agricultura, Industria e Commercio. Servico do Algodao (Brazil) | ||
| 650 | _aALGODAO | ||
| 650 | _aLAVOURA | ||
| 650 | _aESTATISTICA DE PRODUCAO | ||
| 650 | _aEXPORTACAO | ||
| 650 | _aDEFESA VEGETAL | ||
| 942 |
_2AGRIS _n0 _cMS |
||
| 999 |
_c260225 _d260225 |
||